| Tag |
First Indicator |
Second Indicator |
Subfields |
| LEADER |
00000cam a2200000 4500 |
| 001 |
in00000014208 |
| 005 |
20151007052149.0 |
| 008 |
791227s1914 ge 00110 akk |
| 010 |
|
|
|a 15008114
|
| 035 |
|
|
|a (OCoLC)05825427
|
| 035 |
|
|
|9 AAA6569AM
|
| 040 |
|
|
|a DLC
|c PAU
|d TXA
|d UtOrBLW
|
| 041 |
0 |
|
|a akk
|a ger
|
| 049 |
|
|
|a TXAM
|c [A12578919]
|
| 050 |
|
0 |
|a PJ3883
|b .U5
|
| 100 |
1 |
|
|a Ungnad, Arthur,
|d 1879-1945.
|
| 245 |
1 |
0 |
|a Babylonische briefe aus der zeit der Hammurapidynastie /
|c von Arthur Ungnad.
|
| 264 |
|
1 |
|a Leipzig :
|b J. C. Hinrichs,
|c 1914.
|
| 300 |
|
|
|a xl, 450 pages ;
|c 23 cm.
|
| 336 |
|
|
|a text
|b txt
|2 rdacontent
|
| 337 |
|
|
|a unmediated
|b n
|2 rdamedia
|
| 338 |
|
|
|a volume
|b nc
|2 rdacarrier
|
| 490 |
1 |
|
|a Vorderasiatische bibliothek ;
|v [6. stück]
|
| 500 |
|
|
|a Transliterated text with German translation.
|
| 500 |
|
|
|a "Eigennamenverzeichnis": pages 405-445.
|
| 650 |
|
0 |
|a Assyro-Babylonian letters.
|
| 651 |
|
0 |
|a Babylonia
|x History
|x Sources.
|
| 650 |
|
0 |
|a Names, Akkadian.
|
| 830 |
|
0 |
|a Vorderasiatische bibliothek ;
|v [6. stück].
|
| 999 |
|
|
|a MARS
|
| 999 |
f |
f |
|s cbda8b01-26b5-362a-a6db-886e99002388
|i 63dbfe37-67d8-3055-8117-ee803646084c
|t 0
|
| 952 |
f |
f |
|p ric
|a Texas A&M University
|b Rellis Campus
|c Joint Library Facility
|d Remote Storage
|t 0
|e PJ3883 .U5
|h Library of Congress classification
|i unmediated -- volume
|m A14812578919
|
| 998 |
f |
f |
|a PJ3883 .U5
|t 0
|l Remote Storage
|